Представление документа в формате RUSMARC

ПолеНазваниеЗначение
  Тип записи c
  Библиографический уровень m
001 Контрольный номер RU/УОНБ/EK_N/567611319
005 Дата корректировки 20250520122009.3
010 Индекс ISBN __
9 Тираж 200 экз.
013 Номер (ISMN) __
a Номер (ISMN) 978-5-7140-0267-6
d Цена 442 р.
071 Издательские номер (звукозапись и ноты) 21
a Номер, присвоенный агентством 16242
100 Данные общей обработки __
a Данные общей обработки 20171226d2010 u y0rusy0103||||ca
101 Язык документа 0_
a Язык текста rus
a Язык текста eng
f Язык титульного листа rus
f Язык титульного листа eng
102 Страна публикации __
a Страна публикации RU
125 Кодированные данные звукозаписи и нотных изданий __
a Форма изложения нотного текста с|
128 Кодированные данные (звукозаписи-физические характеристики) __
a Кодированные данные: Музыкальная форма и тональность или лад zz
c Инструменты или голоса, рекомендуемые для солистов (устаревшее) ka||
200 Заглавие и сведения об ответственности 1_
a Заглавие Избранные сочинения
b Общее обозначение материала Ноты
d Параллельное заглавие Selected Works
e Сведения, относящиеся к заглавию для фп.
f Первые сведения об ответственности Ю. Крейн
z Язык параллельного заглавия eng
210 Выходные данные 1_
a Место издания Москва
c Издательство Музыка
d Дата издания 2010
215 Физическое описание __
a Объем 80 с.
d Формат 29 см
300 Общие примечания __
a Общие примечания Изд. на рус. и англ. яз.
300 Общие примечания __
a Общие примечания Авт. также на англ. яз. : Y. Krein
327 Примечание о содержании 11
a Примечание о содержании Содерж. : Лесные тропинки = Forest Paths : Первые веточки = First Twigs ; Подснежник = Snowdrop ; Птичий гомон = Bird Twitter ; У ручья = At the Brook ; Неожиданная встреча (Лоси в лесу) = An Unexpected Meeting (Elks in the Forest) ; Прогалинка = Little Glade ; Дремучий лес = Deep Forest ; Прибой = Surf. - Экспромт-серенада = Impromptu-Serenade ; Прелюдия : соч. 49 № 7 = Prelude ; Этюд (Ветер) : соч. 48 № 8 = Study (Wind) ; Вереск = Heather ; Русская пастораль = Russian Pastorale ; Тропинка в лесу = A Path in the Forest ; Синя-птица поползень = Nuthatch, a Blue Bird. - Танец оленя ; Северная весна ; Весенние птицы : на якутскую тему = Deer Dance ; Northern Spring ; Spring Birds : on Yakut Theme.
464 Аналитический уровень _0
1 2001
a Лесные тропинки
d Forest Paths
464 Аналитический уровень _0
1 2001
a Экспромт-серенада
d Impromptu-Serenade
464 Аналитический уровень _0
1 2001
a Танец оленя
d Deer Dance
e на якутскую тему
e on Yakut Theme
464 Аналитический уровень _0
1 2001
a Первые веточки
d First Twigs
1 50010
a Лесные тропинки
464 Аналитический уровень _0
1 2001
a Подснежник
d Snowdrop
1 50010
a Лесные тропинки
464 Аналитический уровень _0
1 2001
a Птичий гомон
d Bird Twitter
1 50010
a Лесные тропинки
464 Аналитический уровень _0
1 2001
a У ручья
e At the Brook
1 50010
a Лесные тропинки
464 Аналитический уровень _0
1 2001
a Неожиданная встреча
a Лоси в лесу
d An Unexpected Meeting
d Elks in the Forest
1 50010
a Лесные тропинки
464 Аналитический уровень _0
1 2001
a Прогалинка
d Little Glade
1 50010
a Лесные тропинки
464 Аналитический уровень _0
1 2001
a Дремучий лес
d Deep Forest
1 50010
a Лесные тропинки
464 Аналитический уровень _0
1 2001
a Прибой
d Surf
1 50010
a Лесные тропинки
464 Аналитический уровень _0
1 2001
a Прелюдия
d Prelude
e соч. 49 № 7
464 Аналитический уровень _0
1 2001
a Этюд
a Ветер
d Study
d Wind
e соч. 48 № 8
464 Аналитический уровень _0
1 2001
a Вереск
d Heather
464 Аналитический уровень _0
1 2001
a Русская пастораль
d Russian Pastorale
464 Аналитический уровень _0
1 2001
a Тропинка в лесу
d A Path in the Forest
464 Аналитический уровень _0
1 2001
a Синя-птица поползень
d Nuthatch, a Blue Bird
464 Аналитический уровень _0
1 2001
a Северная весна
d Northern Spring
e на якутскую тему
e on Yakut Theme
464 Аналитический уровень _0
1 2001
a Весенние птицы
d Spring Birds
e на якутскую тему
e on Yakut Theme
512 Заглавие обложки 1_
a Заглавие обложки Избранные сочинения
517 Другие варианты заглавия 1_
a Другие варианты заглавия Selected Works
600 Персоналии _1
a Персоналии (Фамилия) Крейн, Юлиан Григорьевич
606 Тематические рубрики 0_
a Основная рубрика Фортепианная музыка советская
x Основная подрубрика Сочинения
610 Ключевые слова 0_
a Ключевые слова фортепиано
610 Ключевые слова 0_
a Ключевые слова сочинения
610 Ключевые слова 0_
a Ключевые слова Крейн Ю. Г.
686 Индексы других классификаций __
a Классификационный индекс 85.954.2я44
2 Код системы rubbk
700 Автор _1
a Фамилия Крейн
b Имя (инициалы) Ю. Г.
g Полное личное имя Юлиан Григорьевич
f Даты 1913-1996
801 Источник записи _0
a Страна RU
b Организация Ульяновская ОНБ
c Дата составления 20171226
g Правила каталогизации PSBO
801 Источник записи _1
a Страна RU
b Организация Ульяновская ОНБ
c Дата составления 20171226
901 Тип документа __
t Тип документа m
909 Создатель записи __
a Создатель записи Грязнова И. Е.
938 Служебная информация __
a Имя БД noti
b Имя библиотеки УОНБ
c Имя АИБС МАРК-SQL
d Номер DOC_ID в БД 17437